000 00396nam a2200157Ia 4500
008 240729s9999 xx 000 0 und d
022 _a2409-9279
245 0 _aMethods and Protocols
260 _aSwitzerland
260 _bMDPI AG
650 _a Biology (General)
650 _aScience
856 _uhttps://doaj.org/toc/fe9f36c5e65c4151b7ff7ab3bae28287
942 _2ddc
942 _cDOAJEJ
999 _c74215
_d74215
945 _a1
_bMadushi Gamage
_c1
_dMadushi Gamage